01274cam a22003011 450000100060000000300080000600500170001400800410003103500140007203500190008604000240010504100080012904200120013705100320014908200250018110000230020624500870022926000870031630000530040349000550045650002530051165000310076465000400079570000350083570000360087070000240090671000420093075223BD-RjUL20211209082648.0800412s1944 wiuak 000 0 eng  a(BD-RjUL) a(OCoLC)6194136 aDLCcNBuUdDLCbeng aeng apremarc aHF5726b.D253 1944 Workbook a651.74223bDAM 19441 aDavis, Roy,d1877-10aModern business English /cby Roy Davis, Clarence H. Lingham and William H. Stone. a[Madison, Wis.]bPub. for the United States Armed Forces Institute by Ginnc[1944] avii, 516 p. incl. front., illus., forms.c19 cm.0 a[United States] War Dept. Education Manual,vEM749 aAccompanied by : Business English workbook / by Roy Davis, Clarence H. Lingham, and Gertrude I. Payne. [Madison, Wis.] Pub. for the United States Armed Forces Institute by Ginn [1944] (125 p : forms ; 25 cm.) Call no. : HF5726 .D253 1944 Workbook. 0aCommercial correspondence. 0aEnglish languagexBusiness English.1 aLingham, Clarence Hart,d1872-1 aStone, William Herschel,d1876-1 aPayne, Gertrude I.,2 aUnited States Armed Forces Institute.